Integrated Systems : Innovations and Applications /

Guardado en:
Detalles Bibliográficos
Autor principal: Fathi, Madjid (Autor)
Formato: Libro
Lenguaje:inglés
Publicado: Cham Springer 2015
Materias:
Etiquetas: Agregar Etiqueta
Sin Etiquetas, Sea el primero en etiquetar este registro!

MARC

LEADER 00000nam a22000003a 4500
001 0030907
003 SK-STU
005 20180202133426.5
007 ta
008 180202s ----xo-----e------000-0-----d
020 |a 978-3-319-38661-4 
040 |a STU  |b slo 
041 0 |h eng 
044 |a sz 
100 1 |a Fathi, Madjid  |4 aut 
245 1 0 |a Integrated Systems :  |b Innovations and Applications /  |c aut. Madjid Fathi 
260 |a Cham  |b Springer  |c 2015 
300 |a 256 s. 
650 0 7 |a integrovaný manažérsky systém 
996 |b 284M087617  |c M* 14099-1  |l MMKN  |s A  |a 24  |w 0030907_0001